<?xml version="1.0" encoding="UTF-8"?>
<record
    xmlns:xsi="http://www.w3.org/2001/XMLSchema-instance"
    xsi:schemaLocation="http://www.loc.gov/MARC21/slim http://www.loc.gov/standards/marcxml/schema/MARC21slim.xsd"
    xmlns="http://www.loc.gov/MARC21/slim">

  <leader>00875nam a2200145Ia 4500</leader>
  <controlfield tag="008">120622s9999    xx            000 0 und d</controlfield>
  <datafield tag="082" ind1=" " ind2=" ">
    <subfield code="a">345.01972 B227p</subfield>
  </datafield>
  <datafield tag="100" ind1=" " ind2=" ">
    <subfield code="a">Ba&#xF1;os Torres, Ivan Emmanuell</subfield>
  </datafield>
  <datafield tag="245" ind1=" " ind2=" ">
    <subfield code="a">El pleno de la Suprema Corte de Justicia de la Naci&#xF3;n : ejercitando acci&#xF3;n penal como caso de excepci&#xF3;n al art&#xED;culo 21 Constitucional / Ivan Emmanuella Ba&#xF1;os Torres</subfield>
  </datafield>
  <datafield tag="260" ind1=" " ind2=" ">
    <subfield code="a">M&#xE9;xico : El autor</subfield>
  </datafield>
  <datafield tag="300" ind1=" " ind2=" ">
    <subfield code="a">170 p</subfield>
  </datafield>
  <datafield tag="500" ind1=" " ind2=" ">
    <subfield code="a">Tesis (Lic. en Derecho).-- Universidad Insurgentes, Plantel Tlalpan</subfield>
  </datafield>
  <datafield tag="505" ind1=" " ind2=" ">
    <subfield code="a">Apuntamiento general de la acci&#xF3;n (su or&#xED;gen, concepto, contenido y naturaleza doctrinal).- La acci&#xF3;n en el Derecho Penal.- Aspectos jur&#xED;dicos-doctrinales del ministerio p&#xFA;blico : un enfoque org&#xE1;nico-funcional mexicano.- An&#xE1;lisis jur&#xED;dico-doctrinal del ej</subfield>
  </datafield>
  <datafield tag="650" ind1=" " ind2=" ">
    <subfield code="a">DERECHO PENAL - M&#xC9;XICO\ \ DERECHO PENAL - LEGISLACION - MEXICO&#xCC;</subfield>
  </datafield>
  <datafield tag="952" ind1=" " ind2=" ">
    <subfield code="0">0</subfield>
    <subfield code="1">0</subfield>
    <subfield code="4">0</subfield>
    <subfield code="7">0</subfield>
    <subfield code="a">01</subfield>
    <subfield code="b">01</subfield>
    <subfield code="d">2011-08-09</subfield>
    <subfield code="l">0</subfield>
    <subfield code="o">345.01972 B227P</subfield>
    <subfield code="p">01 009646</subfield>
    <subfield code="r">2012-06-24</subfield>
    <subfield code="t">1</subfield>
    <subfield code="w">2012-06-24</subfield>
    <subfield code="y">LB</subfield>
  </datafield>
  <datafield tag="999" ind1=" " ind2=" ">
    <subfield code="c">61292</subfield>
    <subfield code="d">61292</subfield>
  </datafield>
</record>
